LEADER 00988nam0-22003251i-450- 001 990002891920403321 005 20120202153105.0 035 $a000289192 035 $aFED01000289192 035 $a(Aleph)000289192FED01 035 $a000289192 100 $a20120202d1997----km-y0itay50------ba 101 0 $aita 102 $aIT 200 1 $aNorme sociali e sanzione$eil ruolo del singolo individuo$fTommaso Luzzati 210 $aAncona$cDipartimento di Economia dell'Universitą degli Studi di Ancona$d1997 215 $a17 p.$d21 cm 225 1 $aQuaderni di ricerca$fUniversitą degli studi di Ancona, Dipartimento di economia$v92 610 0 $aEconomia$aNorme sociali 676 $a332.01 700 1$aLuzzati,$bTommaso$0117572 801 0$aIT$bUNINA$gRICA$2UNIMARC 901 $aBK 912 $a990002891920403321 952 $aXXVI-C-73$b6128$fMAS 952 $aPaper$fSES 959 $aMAS 959 $aSES 996 $aNorme sociali e sanzione$9466918 997 $aUNINA LEADER 00972nam0-22003491i-450- 001 990003739270403321 005 20080729105555.0 010 $a88-492-0074-9 035 $a000373927 035 $aFED01000373927 035 $a(Aleph)000373927FED01 035 $a000373927 100 $a20030910d2000----km-y0itay50------ba 101 0 $aita 102 $aIT 200 1 $aAmbiente urbano e innovazione$ela cittą globale tra identitą locale e sostenibilitą$fStefano Aragona 205 $a1 ed 210 $aRoma$cGangemi Editore$d2000 215 $a112 p.$d22 cm 610 0 $aTelematica 610 0 $aTelelavoro 676 $a044.005 700 1$aAragona,$bStefano$034887 801 0$aIT$bUNINA$gRICA$2UNIMARC 901 $aBK 912 $a990003739270403321 952 $a2218 sez. Andriello$b2218$fDARPU 952 $a044.005.ARA$binv 2844$fDECGE 959 $aDARPU 959 $aDECGE 996 $aAmbiente urbano e innovazione$9509131 997 $aUNINA